Tilastot visalle Maantiedettä kirjaimittain - T

Klikkaa tästä pelataksesi tätä visaa!

Yleistilastot

  • Tätä visaa on pelattu 651 kertaa
  • Keskiarvotulos 17 / 24

Vastaustilastot

VihjeVastaus% Oikein
Ruotsin pääkaupunkiTukholma
100%
Yksi PohjoismaistaTanska
99%
Japanin suurin kaupunkiTokio
98%
Kanadan suurin kaupunkiToronto
94%
Yhdysvaltain toiseksi suurin ja väkirikkain osavaltioTexas
90%
Tämän joen varrella on neljä Euroopan pääkaupunkiaTonava
84%
Lontoon halki virtaava jokiThames
83%
Arktinen puuton kasvillisuusvyöhykeTundra
81%
Kilimanjaro sijaitsee tässä valtiossaTansania
80%
Iranin pääkaupunkiTeheran
75%
Korealainen kamppailulajiTaekwondo
72%
Kanariansaarten suurin saariTeneriffa
72%
Luultavasti Intian tunnetuin maamerkkiTaj Mahal
71%
Kiinan vuonna 1950 valtaama alue Himalajan vuoristossaTiibet
66%
Saari manner-Australian eteläpuolellaTasmania
65%
Afganistania hallitseva äärimmäisen vanhollinen ryhmittymäTaliban
63%
Järjesti vuoden 2006 talviolympialaisetTorino
61%
Laotsen opetuksia seuraava kiinalainen uskontoTaolaisuus
57%
Firenze on tämän Italian alueen pääkaupunkiToscana
52%
Rooma sijaitsee tämän joen varrellaTiber
47%
Saaristo Etelä-Amerikan eteläkärjessäTulimaa
40%
HMS Bounty kävi tällä Ranskan Polynesian suurimmalla saarellaTahiti
38%
Merkittävä vuoristojärvi Andien vuoristossaTiticaca
37%
Filippiinien virallinen kieliTagalog
33%

Tulosjakauma

Persentiili vastausten määrän mukaan

Jokaisen tuloksen saaneiden osuus

Tuloshistoriasi

Et ole pelannut tätä visaa